Transforming the entrance hall.

The magazine series helping to improve the school environment. Here presenter Sharon Wright and the All Change team work with the staff, parents and students at Thistley Hough High School in Stoke-on-Trent to transform a drab entrance hall. The school, built as an art deco showpiece in 1938, is now...

Full description

Bibliographic Details
Corporate Author: Maverick Television (Television network) (Producer)
Format: Video
Language:English
Language Notes:This edition in English.
Published: [London] : Teachers TV/UK Dept. of Education, 2005.
Series:All change ; 1
VAST: Academic Video Online
Subjects:
Online Access:Connect to this streaming video (Alexander Street Press)

MARC

Tag First Indicator Second Indicator Subfields
LEADER 00000cgm a2200000Ma 4500
001 in00005548613
006 m o c
007 vz |zazu|
008 120229s2005 enk028 o vleng d
005 20241201230409.6
035 |a (OCoLC)ocn829688011 
040 |a ALSTP  |b eng  |e pn  |c ALSTP  |d OCLCO  |d OCLCQ  |d OCLCO  |d VZF  |d OCLCQ  |d OCLCA  |d OCLCQ  |d EZ9  |d OCLCF  |d MNI  |d INT  |d OCLCQ  |d WYU  |d OCLCQ  |d OCLCO  |d OCLCL 
019 |a 1112291615  |a 1269044178  |a 1430842129  |a 1444019037 
035 |a (OCoLC)829688011  |z (OCoLC)1112291615  |z (OCoLC)1269044178  |z (OCoLC)1430842129  |z (OCoLC)1444019037 
043 |a e-uk--- 
050 4 |a PN1200eb 
049 |a TXAM 
245 0 0 |a Transforming the entrance hall. 
260 |a [London] :  |b Teachers TV/UK Dept. of Education,  |c 2005. 
300 |a 1 online resource (28 min.). 
336 |a two-dimensional moving image  |b tdi  |2 rdacontent 
337 |a computer  |b c  |2 rdamedia 
338 |a online resource  |b cr  |2 rdacarrier 
347 |a video file  |2 rda 
490 0 |a All change ;  |v 1 
490 0 |a VAST: Academic Video Online 
500 |a Title from resource description page (viewed Mar. 5, 2012). 
520 |a The magazine series helping to improve the school environment. Here presenter Sharon Wright and the All Change team work with the staff, parents and students at Thistley Hough High School in Stoke-on-Trent to transform a drab entrance hall. The school, built as an art deco showpiece in 1938, is now a performing arts college in need of some refurbishment. Using imaginative lighting and a bright colour scheme, designer Marco da Cruz provides a new welcoming environment for a space that celebrates student achievement. A plasma screen and exciting artwork produced by students working with an African artist add to the new look. Also in the programme, how innovative design at Kingsdale School in Southwark, once in special measures, has led to dramatic improvements in achievement and confidence. And a look at the radical Schools for the Future scheme from Alsop Architects. A futuristic multi storey design for an adaptable learning environment at a confined inner-city site. 
546 |a This edition in English. 
650 0 |a School environment. 
650 0 |a Entrance halls  |x Design and construction. 
650 0 |a Schools  |x Design and construction. 
650 0 |a School improvement programs  |z Great Britain. 
650 6 |a Milieu scolaire. 
650 6 |a Enseignement  |x Réforme  |z Grande-Bretagne. 
650 7 |a School environment.  |2 fast  |0 (OCoLC)fst01107379 
650 7 |a School improvement programs.  |2 fast  |0 (OCoLC)fst01107461 
650 7 |a Schools  |x Design and construction.  |2 fast  |0 (OCoLC)fst01107986 
651 7 |a Great Britain.  |2 fast  |0 (OCoLC)fst01204623  |1 https://id.oclc.org/worldcat/entity/E39PBJdmp7p3cx8hpmJ8HvmTpP 
655 4 |a Alexander Street Video. 
655 7 |a Instructional television programs.  |2 fast  |0 (OCoLC)fst01726126 
655 7 |a Instructional television programs.  |2 lcgft 
655 7 |a Émissions pédagogiques télévisées.  |2 rvmgf 
710 2 |a Maverick Television (Television network)  |4 pro 
776 0 8 |i Print version:  |t Transforming the entrance hall.  |d [London] : Teachers TV/UK Dept. of Education, 2005 publisher catalog number  |o C/0357/001 
856 4 0 |u http://proxy.library.tamu.edu/login?url=https://www.aspresolver.com/aspresolver.asp?AVN2;1781023  |z Connect to this streaming video (Alexander Street Press)  |t 0 
955 |a Alexander Street Press subscription streaming video 
994 |a 92  |b TXA 
999 f f |s 9a6c55d3-ec28-4d7b-97a4-b9c081f5d071  |i f03d5d45-6fa1-4b2f-b1e5-33733aa3079f  |t 0 
952 f f |a Texas A&M University  |b College Station  |c Electronic Resources  |d Available Online  |t 0  |e PN1200eb   |h Library of Congress classification 
998 f f |a PN1200eb   |t 0  |l Available Online